00733nam a2200205 a 450000100100000000500170001000800410002702000150006804000250008309000150010810000370012324501140016025000120027426000500028630000280033650000260036404900090039095201110039999900170051000002173420200930011429.0091207s1999 pr a 000 0 spa d a1563280019 aDO-SdBNPbspacBNPHU axxxxbO58i1 aOnieva Morales, Juan Luis93205910aIntercomunicación 1 :bcurso básico para el aprendizaje activo del español /cJuan Luis Onieva Morales. a16a ed. aSan Juan, Puerto Rico :bPlaza Playor,c1999. a259 p. :bil. ;c27 cm. aEdición definitiva. aBNGR 001054708MOaGRbGRcCTd2010-09-10iLF1l0o p21734-10r2020-06-25w2020-06-25y4ZPréstamo en sala c21233d21233